| 000 | 01675pam a2200349 a 4500 | ||
|---|---|---|---|
| 001 | 2979317 | ||
| 003 | OSt | ||
| 005 | 20230627114450.0 | ||
| 008 | 921201s1993 enk b 101 0 eng | ||
| 010 | _a 92042307 | ||
| 020 | _a1856492052 | ||
| 040 |
_aDLC _cDLC _dDLC |
||
| 043 | _af------ | ||
| 050 | 0 | 0 |
_aHD9502.A492 _bE55 1993 |
| 082 | 0 | 0 |
_a333.79/096 _220 _bKAR |
| 245 | 0 | 0 |
_aEnergy options for Africa : _benvironmentally sustainable alternatives / _cedited by Stephen Karekezi & Gordon Mackenzie. |
| 260 |
_aLondon ; _aAtlantic Highlands, N.J. : _bZed Books, in association with the African Energy Policy Research Network (AFREPREN), the Foundation for Woodstove Dissemination (FWD), UNEP Collaborating Centre on Energy and Environment, Risø National Library, _cc1993. |
||
| 300 |
_aviii, 184 p. ; _c23 cm. |
||
| 500 | _a"This book brings together country papers presented at an African Energy Experts Meeting held in Nairobi, Kenya on 18-20 May 1992"--Preface. | ||
| 504 | _aIncludes bibliographical references and index. | ||
| 650 | 0 |
_aEnergy policy _zAfrica. |
|
| 650 | 0 |
_aEnvironmental policy _zAfrica. |
|
| 700 | 1 | _aKarekezi, Stephen. | |
| 700 | 1 | _aMackenzie, Gordon. | |
| 710 | 2 | _aAfrican Energy Policy Research Network. | |
| 710 | 2 | _aFoundation for Woodstove Dissemination. | |
| 710 | 2 | _aUNEP Collaborating Centre on Energy and Environment. | |
| 711 | 2 |
_aAfrican Energy Experts Meeting _d(1992 : _cNairobi, Kenya) |
|
| 906 |
_a7 _bcbc _corignew _d1 _eocip _f19 _gy-gencatlg |
||
| 942 |
_2ddc _cBK |
||
| 999 |
_c2851 _d2851 |
||